[Event "grenke Chess Open 2025"]
[Site "Karlsruhe GER"]
[Date "2025.04.17"]
[Round "1.25"]
[White "Trunz, Michelle"]
[Black "Costa, Leonardo"]
[Result "0-1"]
[WhiteTitle "WFM"]
[BlackTitle "IM"]
[WhiteElo "2105"]
[BlackElo "2510"]
[WhiteFideId "16227980"]
[BlackFideId "16213955"]
[EventDate "2025.04.17"]

1. d4 Nf6 2. c4 e6 3. Nf3 d5 4. g3 dxc4 5. Bg2 c6 6. Ne5 Bb4+ 7. Nc3 Nd5 8. Qc2
Nxc3 9. bxc3 Qxd4 10. Bb2 Ba5 11. Nf3 Qf6 12. Nd2 O-O 13. Nxc4 Bc7 14. O-O e5
15. Ba3 Re8 16. Rad1 Be6 17. Nd6 Bxd6 18. Rxd6 Nd7 19. f4 exf4 20. Rxf4 Qe5 21.
Re4 Qa5 22. Bb4 Qb6+ 23. Kh1 Nf6 24. Rh4 h6 25. Qd2 a5 26. Ba3 Ng4 27. Rd4 Ne5
28. Be4 Bd5 29. Bxd5 cxd5 30. Rxd5 Rac8 31. Bc1 Nc4 32. Qd4 Rxe2 33. Qxb6 Nxb6
34. Rd1 Rxc3 35. Rhd4 Rxa2 36. Bf4 Nc4 37. Rd8+ Kh7 38. R8d7 Rcc2 39. g4 f6 40.
Rxb7 Ne5 41. Rg1 Nf3 0-1

[Event "grenke Chess Open 2025"]
[Site "Karlsruhe GER"]
[Date "2025.04.17"]
[Round "1.26"]
[White "Basso, Pier Luigi"]
[Black "Sieglen, Joachim"]
[Result "1/2-1/2"]
[WhiteTitle "GM"]
[BlackTitle "FM"]
[WhiteElo "2508"]
[BlackElo "2104"]
[WhiteFideId "866970"]
[BlackFideId "4601661"]
[EventDate "2025.04.17"]

1. d4 d5 2. c4 c6 3. Nf3 Nf6 4. Nc3 dxc4 5. a4 Bf5 6. Ne5 Nbd7 7. Nxc4 Qc7 8. g3
e5 9. dxe5 Nxe5 10. Bf4 Nfd7 11. Bg2 f6 12. O-O g5 13. Nxe5 gxf4 14. Nxd7 Qxd7
15. Qxd7+ Bxd7 16. a5 a6 17. gxf4 Rg8 18. Kh1 O-O-O 19. Be4 f5 20. Bf3 Be6 21.
Rfd1 Bb4 22. Rdc1 Rd2 23. Na4 Kc7 24. h3 Bd5 25. Bxd5 Rxd5 26. Rg1 Rxg1+ 27.
Rxg1 Bxa5 28. Rg7+ Rd7 29. Rg5 Rd5 30. Rg7+ Rd7 31. Rg5 Rd5 32. Rh5 b5 33. Rxh7+
Kb8 34. Rh8+ Kb7 35. Rh7+ Kb8 36. Rh8+ Kb7 37. Rh7+ 1/2-1/2

[Event "grenke Chess Open 2025"]
[Site "Karlsruhe GER"]
[Date "2025.04.17"]
[Round "1.27"]
[White "Rotunno, Flavio"]
[Black "Noe, Christopher"]
[Result "0-1"]
[BlackTitle "IM"]
[WhiteElo "2104"]
[BlackElo "2508"]
[WhiteFideId "1338528"]
[BlackFideId "24692018"]
[EventDate "2025.04.17"]

1. d4 Nf6 2. c4 e6 3. Nf3 b6 4. a3 Bb7 5. Nc3 d5 6. Bg5 Be7 7. Qa4+ c6 8. Bxf6
Bxf6 9. cxd5 exd5 10. g3 O-O 11. Bg2 Re8 12. O-O Nd7 13. Rfd1 Be7 14. Ne1 Nf6
15. Nd3 Bd6 16. e3 h5 17. b4 a6 18. Qb3 h4 19. Re1 Bc8 20. a4 Bf5 21. Rad1 Qe7
22. b5 axb5 23. axb5 Ra3 24. Qb2 cxb5 25. Ne5 b4 26. Nxd5 Nxd5 27. Bxd5 Be6 28.
Nc6 Qg5 29. Bxe6 Rxe6 30. Nxb4 Ra5 31. Nc6 hxg3 32. hxg3 Bxg3 33. Nxa5 Bxf2+ 34.
Kxf2 Rf6+ 35. Ke2 Qg2+ 36. Kd3 Qxb2 0-1

[Event "grenke Chess Open 2025"]
[Site "Karlsruhe GER"]
[Date "2025.04.17"]
[Round "1.28"]
[White "Rozen, Eytan"]
[Black "Braeutigam, Katerina"]
[Result "1-0"]
[WhiteTitle "IM"]
[BlackTitle "WFM"]
[WhiteElo "2508"]
[BlackElo "2103"]
[WhiteFideId "2816750"]
[BlackFideId "16242980"]
[EventDate "2025.04.17"]

1. d4 Nf6 2. Nf3 e6 3. c4 b6 4. a3 Ba6 5. Nbd2 d5 6. g3 Be7 7. Bg2 O-O 8. cxd5
exd5 9. Ne5 c5 10. O-O Qc7 11. Ndf3 c4 12. Bg5 Ne4 13. Bxe7 Qxe7 14. Nd2 Nxd2
15. Qxd2 Bb7 16. Qe3 Qc7 17. b3 b5 18. a4 a6 19. axb5 axb5 20. Rxa8 Bxa8 21.
bxc4 bxc4 22. Qa3 Nd7 23. Qe7 Bc6 24. Bh3 Ba4 25. Nxf7 c3 26. Ne5 c2 27. Be6+
Kh8 28. Ng6+ 1-0

[Event "grenke Chess Open 2025"]
[Site "Karlsruhe GER"]
[Date "2025.04.17"]
[Round "1.29"]
[White "Berikkyzy Alanna"]
[Black "Bellahcene, Bilel"]
[Result "0-1"]
[WhiteTitle "WCM"]
[BlackTitle "GM"]
[WhiteElo "2103"]
[BlackElo "2506"]
[WhiteFideId "13780719"]
[BlackFideId "696358"]
[EventDate "2025.04.17"]

1. e4 c5 2. Nf3 Nc6 3. d4 cxd4 4. Nxd4 e5 5. Nb5 d6 6. N1c3 a6 7. Na3 Be6 8. Bc4
b5 9. Bd5 Qd7 10. Bxe6 fxe6 11. Nab1 Nf6 12. Bg5 Be7 13. a3 O-O 14. Bxf6 Rxf6
15. O-O Raf8 16. f3 Bd8 17. Ne2 Rh6 18. h3 Qe7 19. Qd2 Rg6 20. c3 Na5 21. Qe1
Nc4 22. Nd2 Ne3 23. g3 Bb6 24. Kh2 Nxf1+ 25. Qxf1 Be3 26. Rd1 Rgf6 27. Ng1 d5
28. exd5 exd5 29. Qd3 Qc5 30. b4 Bxg1+ 31. Rxg1 Qc6 32. Rd1 Kh8 33. Kg2 e4 34.
fxe4 Rf2+ 35. Kg1 Qe6 36. g4 Qe5 37. Nf1 dxe4 38. Qe3 R2f3 39. Qe2 Rxc3 40. Qg2
Rxa3 41. Re1 Ra1 0-1

[Event "grenke Chess Open 2025"]
[Site "Karlsruhe GER"]
[Date "2025.04.17"]
[Round "1.30"]
[White "Wadsworth, Matthew J"]
[Black "Federer, Colin"]
[Result "1-0"]
[WhiteTitle "IM"]
[WhiteElo "2500"]
[BlackElo "2103"]
[WhiteFideId "415804"]
[BlackFideId "1345117"]
[EventDate "2025.04.17"]

1. Nf3 Nf6 2. c4 g6 3. g3 Bg7 4. Bg2 O-O 5. d4 d5 6. cxd5 Nxd5 7. O-O Nb6 8. Nc3
Nc6 9. e3 a5 10. Qe2 e5 11. Nxe5 Nxe5 12. dxe5 Bxe5 13. f4 Bg7 14. Rd1 Qe7 15.
e4 a4 16. a3 Be6 17. Be3 Bb3 18. Rdc1 Rfd8 19. Nb5 c6 20. Bxb6 cxb5 21. e5 f6
22. Qxb5 fxe5 23. Rc7 Qd6 24. Rxb7 exf4 25. Bxd8 Rxd8 26. gxf4 Qxf4 27. Re1 Rd2
28. Kh1 Rxg2 29. Re8+ Bf8 30. Rxf8+ Kxf8 31. Qc5+ Kg8 32. Qc8+ Qf8 33. Qxf8+
Kxf8 34. Rb8+ Ke7 35. Kxg2 Kd6 36. Kf3 Kc5 37. Ke3 Bd5 38. Rh8 h5 39. h4 Be6 40.
Rb8 Bb3 41. Rb4 Kc6 42. Kd4 Bc2 43. Rc4+ 1-0

[Event "grenke Chess Open 2025"]
[Site "Karlsruhe GER"]
[Date "2025.04.17"]
[Round "1.31"]
[White "Hell, Pascal"]
[Black "Roshka, Yevgeniy"]
[Result "0-1"]
[BlackTitle "IM"]
[WhiteElo "2103"]
[BlackElo "2488"]
[WhiteFideId "608289"]
[BlackFideId "14129558"]
[EventDate "2025.04.17"]

1. e4 g6 2. d4 Bg7 3. Nf3 d6 4. Be2 Nf6 5. Nc3 O-O 6. O-O Nc6 7. d5 Nb8 8. h3 e6
9. Be3 exd5 10. exd5 Re8 11. Qd2 Nbd7 12. Rfe1 Nc5 13. Bxc5 dxc5 14. Bc4 Bf5 15.
Rxe8+ Nxe8 16. Re1 Nd6 17. Bd3 Qf6 18. Bxf5 Qxf5 19. Re7 Rc8 20. Qd3 Qxd3 21.
cxd3 Kf8 22. Re2 Rd8 23. Ne5 Nf5 24. f4 Ne7 25. Rc2 Nxd5 26. g3 Bxe5 27. fxe5
Nb4 28. Re2 Rxd3 29. Ne4 b6 30. Kh2 Ke7 31. Rf2 Nc6 0-1

[Event "grenke Chess Open 2025"]
[Site "Karlsruhe GER"]
[Date "2025.04.17"]
[Round "1.32"]
[White "Schlosser, Philipp"]
[Black "Maglioni, Leonardo"]
[Result "1-0"]
[WhiteTitle "GM"]
[WhiteElo "2481"]
[BlackElo "2102"]
[WhiteFideId "4600169"]
[BlackFideId "2896830"]
[EventDate "2025.04.17"]

1. c4 e6 2. Nc3 d5 3. d4 Nf6 4. cxd5 exd5 5. Bg5 c6 6. e3 Bd6 7. Bd3 O-O 8. Nf3
Re8 9. O-O Be6 10. Ne5 h6 11. Bh4 c5 12. Rc1 Nc6 13. Nxc6 bxc6 14. dxc5 Bxc5 15.
Na4 Be7 16. Rxc6 Bd7 17. Rc1 Rb8 18. Bg3 Rb4 19. b3 Bxa4 20. bxa4 Bd6 21. Bb5
Re7 22. Bxd6 Qxd6 23. Rc8+ Kh7 24. a3 Rh4 25. g3 Qe6 26. Qc2+ g6 27. Rc6 Qh3 28.
f3 Nh5 29. gxh4 Rxe3 30. Rc7 Qe6 31. Qc6 Qf5 32. Qd7 1-0

[Event "grenke Chess Open 2025"]
[Site "Karlsruhe GER"]
[Date "2025.04.17"]
[Round "1.33"]
[White "Wiechert, Hans"]
[Black "Trost, Edvin"]
[Result "0-1"]
[WhiteTitle "FM"]
[BlackTitle "IM"]
[WhiteElo "2101"]
[BlackElo "2481"]
[WhiteFideId "4643410"]
[BlackFideId "1729519"]
[EventDate "2025.04.17"]

1. d4 Nf6 2. Nf3 d5 3. c4 e6 4. cxd5 exd5 5. Nc3 c6 6. Bg5 h6 7. Bh4 Bf5 8. e3
Nbd7 9. Bd3 Bxd3 10. Qxd3 Bd6 11. O-O O-O 12. Rab1 Re8 13. Qc2 a6 14. Rfc1 Qe7
15. Bg3 Bxg3 16. hxg3 Ne4 17. Nxe4 dxe4 18. Nd2 h5 19. Qd1 g6 20. Nc4 Rad8 21.
Na5 Nf6 22. b4 Kg7 23. a4 Rd5 24. Rc5 Qd7 25. Nc4 Qe7 26. Ne5 Rh8 27. Rbc1 h4
28. g4 h3 29. g3 Nh7 30. b5 Rxc5 31. Rxc5 cxb5 32. Qc1 Qf6 33. Qc2 bxa4 34. Rc7
Ng5 35. Rxb7 Nf3+ 36. Kf1 h2 0-1

[Event "grenke Chess Open 2025"]
[Site "Karlsruhe GER"]
[Date "2025.04.17"]
[Round "1.34"]
[White "Eugene, Floryan"]
[Black "Gallasch, Robin"]
[Result "1-0"]
[WhiteTitle "IM"]
[WhiteElo "2476"]
[BlackElo "2101"]
[WhiteFideId "20694784"]
[BlackFideId "16222423"]
[EventDate "2025.04.17"]

1. e4 e5 2. Nf3 Nc6 3. Bb5 a6 4. Ba4 Nf6 5. O-O Be7 6. d3 b5 7. Bb3 O-O 8. a4 b4
9. a5 d5 10. exd5 Nd4 11. Nxd4 exd4 12. Bg5 Bb7 13. Bxf6 Bxf6 14. Qf3 Qd7 15.
Nd2 Rad8 16. Rfe1 Bxd5 17. Bxd5 Qxd5 18. Qxd5 Rxd5 19. Nb3 g6 20. Re4 Kg7 21.
Rae1 Rfd8 22. Re8 R8d6 23. g3 h5 24. R1e2 Rc6 25. Kf1 Bd8 26. h4 Rcd6 27. R2e5
f6 28. Rxd5 Rxd5 29. Re6 Rd6 30. Rxd6 cxd6 31. Ke2 g5 32. Nxd4 Bxa5 33. Nc6 Bb6
34. Nxb4 gxh4 35. gxh4 f5 36. Nxa6 Bd8 37. Nb4 Bxh4 38. Nd5 Bd8 39. b4 Kf7 40.
b5 Ke8 41. Kf3 Kd7 42. Kg2 Bg5 43. c4 Bd8 44. Kh3 Bg5 45. f4 Bd8 46. Kg3 Ke6 47.
b6 Kd7 48. b7 1-0

[Event "grenke Chess Open 2025"]
[Site "Karlsruhe GER"]
[Date "2025.04.17"]
[Round "1.35"]
[White "Goh, Jinghan Cameron"]
[Black "Neef, Maximilian"]
[Result "1/2-1/2"]
[BlackTitle "IM"]
[WhiteElo "2101"]
[BlackElo "2473"]
[WhiteFideId "5804540"]
[BlackFideId "24692085"]
[EventDate "2025.04.17"]

1. d4 Nf6 2. c4 g6 3. g3 Bg7 4. Bg2 O-O 5. Nc3 d6 6. Nf3 Nc6 7. O-O a6 8. b3 Rb8
9. d5 Na5 10. Bg5 h6 11. Bd2 c5 12. dxc6 Nxc6 13. Rc1 Be6 14. Ne1 Ne5 15. Nc2
Qd7 16. Nd5 Nxd5 17. cxd5 Bh3 18. Bf4 Rbc8 19. Bxe5 Bxe5 20. Ne3 Rxc1 21. Qxc1
Bxg2 22. Kxg2 Rc8 23. Qd2 Bc3 24. Qd3 Bg7 25. Rd1 h5 26. Rd2 Rc3 27. Qb1 Bh6 28.
Rc2 Rxc2 29. Nxc2 h4 30. Ne1 h3+ 31. Kf1 Qg4 32. Qd3 Qg5 33. f4 Qf6 34. Kf2 Qa1
35. f5 Qf6 36. Nf3 gxf5 37. Qc2 Kg7 38. Nh4 Qd4+ 39. Kf1 Qa1+ 40. Kf2 Qd4+ 41.
Kf1 e6 42. dxe6 Qa1+ 43. Kf2 Qd4+ 44. Kf1 Qa1+ 45. Kf2 Qd4+ 46. Kf1 Qa1+ 1/2-1/2

[Event "grenke Chess Open 2025"]
[Site "Karlsruhe GER"]
[Date "2025.04.17"]
[Round "1.36"]
[White "Petkidis, Anthony"]
[Black "Nichols, Marc"]
[Result "1-0"]
[WhiteTitle "IM"]
[WhiteElo "2471"]
[BlackElo "2101"]
[WhiteFideId "24673390"]
[BlackFideId "24610372"]
[EventDate "2025.04.17"]

1. e4 d5 2. exd5 Qxd5 3. Nc3 Qd6 4. d4 Nf6 5. Nf3 a6 6. Bc4 b5 7. Bb3 Bb7 8. O-O
e6 9. Re1 Be7 10. Ng5 Bd5 11. Nxd5 Nxd5 12. Qg4 Bxg5 13. Bxg5 Nd7 14. Bd2 N7f6
15. Qxg7 Rg8 16. Qh6 Rg6 17. Qh3 O-O-O 18. Qf3 Rdg8 19. g3 h5 20. Bxd5 Nxd5 21.
Qxh5 f5 22. Qf3 f4 23. Re5 fxg3 24. hxg3 Nb6 25. Bf4 Qxd4 26. Qe4 Qxb2 27. Rd1
Nd5 28. Rxe6 1-0

[Event "grenke Chess Open 2025"]
[Site "Karlsruhe GER"]
[Date "2025.04.17"]
[Round "1.37"]
[White "Stijve, Niels"]
[Black "Pfreundt, Jakob"]
[Result "0-1"]
[BlackTitle "IM"]
[WhiteElo "2101"]
[BlackElo "2467"]
[WhiteFideId "1331124"]
[BlackFideId "12918156"]
[EventDate "2025.04.17"]

1. e4 c6 2. Nf3 d5 3. Nc3 g6 4. d4 Bg7 5. h3 dxe4 6. Nxe4 Nf6 7. Nxf6+ exf6 8.
Bd3 O-O 9. O-O a5 10. Be3 Na6 11. c4 Nb4 12. Bb1 Be6 13. a3 Na6 14. Ba2 Nc7 15.
Rc1 Qd7 16. Qe2 b5 17. d5 cxd5 18. cxb5 Nxb5 19. Rfd1 Rfd8 20. Nd4 Nxd4 21. Bxd4
a4 22. Rc3 Rdb8 23. Rc5 Qd6 24. Qf3 f5 25. Rc2 Bxd4 26. Rxd4 Qe5 27. Qd1 Rb5 28.
Rcd2 Raa5 29. Bb1 Rb6 30. Ba2 Rbb5 31. Bb1 f4 32. Re2 Qb8 33. Qd2 f3 34. gxf3
Qd8 35. Qh6 Qf6 36. Rh4 Qg7 37. Qg5 Ra8 38. Rb4 Rxb4 39. axb4 Qd4 40. Qd2 Qh4
41. Ba2 Rd8 42. b5 Qxh3 43. Qg5 Rc8 44. b6 Qxf3 45. Rxe6 fxe6 46. b7 Rf8 47. Qh4
Qf7 48. Qh3 Qxf2+ 49. Kh1 Qe1+ 50. Kh2 Rf2+ 51. Kg3 Qg1+ 52. Kh4 Rf4+ 0-1

[Event "grenke Chess Open 2025"]
[Site "Karlsruhe GER"]
[Date "2025.04.17"]
[Round "1.38"]
[White "Aswath, S"]
[Black "Heron, Andrew"]
[Result "1-0"]
[WhiteTitle "IM"]
[BlackTitle "CM"]
[WhiteElo "2466"]
[BlackElo "2100"]
[WhiteFideId "46694919"]
[BlackFideId "12000213"]
[EventDate "2025.04.17"]

1. d4 Nf6 2. Nf3 g6 3. c4 Bg7 4. g3 O-O 5. Bg2 c6 6. O-O d5 7. Qa4 Nbd7 8. cxd5
cxd5 9. Nc3 Nb6 10. Qb3 Ne4 11. a4 Nxc3 12. bxc3 Nc4 13. Nd2 Nxd2 14. Bxd2 e6
15. a5 Qc7 16. Bf4 e5 17. dxe5 Bxe5 18. Bxe5 Qxe5 19. Qxd5 Qxc3 20. a6 Be6 21.
Qd3 Qxd3 22. exd3 bxa6 23. Bxa8 Rxa8 24. Rxa6 Bg4 25. f3 Bc8 26. Ra5 a6 27. Kf2
Bf5 28. Rd1 Bd7 29. Rda1 Bf5 30. R1a3 Rd8 31. Ke3 Bc8 32. Rb3 Kf8 33. Rb8 Ke7
34. Rc5 1-0

[Event "grenke Chess Open 2025"]
[Site "Karlsruhe GER"]
[Date "2025.04.17"]
[Round "1.39"]
[White "Ravi Krishna G"]
[Black "Feuerstack, Aljoscha"]
[Result "1/2-1/2"]
[BlackTitle "IM"]
[WhiteElo "2100"]
[BlackElo "2458"]
[WhiteFideId "25707817"]
[BlackFideId "4681932"]
[EventDate "2025.04.17"]

1. d4 d5 2. c4 e6 3. Nc3 Nf6 4. cxd5 Nxd5 5. e4 Nxc3 6. bxc3 c5 7. Rb1 Be7 8.
Nf3 O-O 9. Bc4 Qc7 10. Qe2 a6 11. O-O b5 12. Bd3 Nd7 13. c4 bxc4 14. Bxc4 cxd4
15. Nxd4 Ne5 16. Bb3 Bd7 17. Bf4 Rfc8 18. Rfd1 Bf6 19. Rbc1 Qb7 20. Rb1 Ng6 21.
Bg3 Qa7 22. e5 Be7 23. Qe4 Rab8 24. Qd3 a5 25. Bc4 Rxb1 26. Rxb1 Qc5 27. Ba6 Ra8
28. Nf3 Bc6 29. Qc4 Bd5 30. Qe2 h5 31. h4 Bxa2 32. Qxa2 Rxa6 33. Qa4 Qc6 34.
Rb8+ Nf8 35. Qxc6 Rxc6 36. Ra8 Bb4 37. Kf1 Kh7 38. Ra7 Kg6 39. Ke2 Rc2+ 40. Kd3
Rc1 41. Bf4 Rc5 42. Ke2 Rd5 43. Nd2 Nd7 44. Nf3 Bc3 45. g3 Nb8 46. Ng5 Rd7 47.
Ra8 Nc6 48. Nf3 Kf5 49. Ra6 Ne7 50. Bd2 Nd5 51. Bxc3 Nxc3+ 52. Kf1 a4 53. Kg2
Ke4 54. Rc6 Rd3 55. Ne1 Rd1 56. Rxc3 Rxe1 57. Rc4+ Kd3 58. Rxa4 Rxe5 59. Ra7 Rf5
60. f4 g6 61. Rb7 f6 62. Kf3 g5 63. hxg5 fxg5 64. Rd7+ Kc4 65. Ke4 h4 66. Rc7+
Kb5 67. gxh4 gxf4 68. Rc3 Rh5 69. Kxf4 Rxh4+ 70. Ke5 1/2-1/2

[Event "grenke Chess Open 2025"]
[Site "Karlsruhe GER"]
[Date "2025.04.17"]
[Round "1.40"]
[White "Ceres, Dragos"]
[Black "Strathmann, Sacha"]
[Result "1-0"]
[WhiteTitle "IM"]
[WhiteElo "2453"]
[BlackElo "2100"]
[WhiteFideId "13905864"]
[BlackFideId "4693825"]
[EventDate "2025.04.17"]

1. e4 c5 2. Nf3 e6 3. c3 Nf6 4. e5 Nd5 5. g3 Nc6 6. Bg2 d6 7. exd6 Bxd6 8. O-O
O-O 9. d4 cxd4 10. Nxd4 Nxd4 11. Qxd4 Qc7 12. c4 Nb4 13. Nc3 a6 14. Qh4 Be7 15.
Qe4 f5 16. Bf4 fxe4 17. Bxc7 e3 18. fxe3 Rxf1+ 19. Rxf1 Nc2 20. Na4 Nxe3 21. Nb6
Nxf1 22. Kxf1 1-0

[Event "grenke Chess Open 2025"]
[Site "Karlsruhe GER"]
[Date "2025.04.17"]
[Round "1.41"]
[White "Heinatz, Gundula"]
[Black "Panjwani, Raja"]
[Result "0-1"]
[WhiteTitle "WIM"]
[BlackTitle "IM"]
[WhiteElo "2098"]
[BlackElo "2443"]
[WhiteFideId "4612434"]
[BlackFideId "2604493"]
[EventDate "2025.04.17"]

1. d4 Nf6 2. c4 g6 3. g3 Bg7 4. Bg2 O-O 5. Nc3 d6 6. Nf3 Nbd7 7. O-O e5 8. dxe5
dxe5 9. h3 c6 10. Be3 Qe7 11. Qc2 Ne8 12. a3 f5 13. b4 e4 14. Nd4 Nd6 15. c5 Nc4
16. Qb3 Qf7 17. Na4 Nxe3 18. Qxe3 Rd8 19. Rad1 Nf8 20. Rd2 Ne6 21. Nxe6 Bxe6 22.
Rfd1 Rxd2 23. Rxd2 Qf6 24. Nb2 Rd8 25. Nd1 Rd5 26. Kh2 Qa1 27. f3 Rxd2 28. Qxd2
exf3 29. Bxf3 Qxa3 30. Qd6 Qb3 31. Nf2 Bf8 32. Qe5 Bd5 33. Bxd5+ Qxd5 34. Qe8
Qf7 35. Qe5 Qe7 36. Qb2 Qe6 37. Qd2 a5 38. bxa5 Bxc5 39. Nd3 Bd4 40. Ne1 Qe3 41.
Qa2+ Kg7 42. Nf3 Qf2+ 43. Kh1 Qxg3 44. Qe6 Qxh3+ 45. Nh2 Qh4 46. Qd7+ Kh6 47.
Qxb7 Be5 0-1

[Event "grenke Chess Open 2025"]
[Site "Karlsruhe GER"]
[Date "2025.04.17"]
[Round "1.42"]
[White "Buckels, Valentin"]
[Black "Grewenig, Jan"]
[Result "1-0"]
[WhiteTitle "IM"]
[WhiteElo "2440"]
[BlackElo "2096"]
[WhiteFideId "12942766"]
[BlackFideId "4657330"]
[EventDate "2025.04.17"]

1. d4 Nf6 2. Nf3 g6 3. g3 Bg7 4. Bg2 c5 5. dxc5 Qa5+ 6. Nfd2 O-O 7. c4 Qxc5 8.
Nc3 d6 9. h3 Nc6 10. O-O Qh5 11. e3 Qxd1 12. Rxd1 Be6 13. Rb1 Rfc8 14. b3 Rab8
15. Bb2 a6 16. Rbc1 Nb4 17. Bf1 Nd7 18. Ba3 Nc6 19. Nf3 Bxc3 20. Rxc3 Nce5 21.
Nxe5 Nxe5 22. f4 Nd7 23. Rdc1 b6 24. Bg2 Rc7 25. e4 Rbc8 26. g4 f6 27. Bb2 Bf7
28. Kh2 Rc5 29. h4 h6 30. a4 g5 31. e5 gxf4 32. exd6 exd6 33. Ba3 Re5 34. Bxd6
Re2 35. Bxf4 Kg7 36. Re3 Rf2 37. Kg3 Rb2 38. Bd6 Re8 39. Rcc3 Rxe3+ 40. Rxe3 Nc5
41. g5 hxg5 42. hxg5 1-0

[Event "grenke Chess Open 2025"]
[Site "Karlsruhe GER"]
[Date "2025.04.17"]
[Round "1.43"]
[White "Mittag, Ralf"]
[Black "Stankovic, Milos"]
[Result "0-1"]
[BlackTitle "IM"]
[WhiteElo "2096"]
[BlackElo "2439"]
[WhiteFideId "24681016"]
[BlackFideId "938190"]
[EventDate "2025.04.17"]

1. e4 e5 2. Nf3 Nc6 3. d3 Nf6 4. g3 Bc5 5. Bg2 d6 6. c3 O-O 7. O-O Bb6 8. Na3
Be6 9. Nc2 h6 10. h3 Qd7 11. Kh2 d5 12. exd5 Nxd5 13. d4 Nde7 14. Be3 Bf5 15.
Rc1 Rad8 16. Qe2 Qe6 17. b3 Nd5 18. Bd2 exd4 19. Qxe6 fxe6 20. Ncxd4 Nxd4 21.
Nxd4 Bxd4 22. cxd4 Bd3 23. Rfd1 Rxf2 24. Kg1 Rf5 25. Bxh6 Be2 26. Re1 Bf3 27.
Bd2 Bxg2 28. Kxg2 Rd6 29. Rc2 c6 30. Re4 Nf6 31. Re2 Kf7 32. Be3 Nd5 33. Bf2 Ne7
34. Re4 Nd5 35. h4 Nb4 36. Rce2 Nd5 37. Rc2 Nf6 38. Ree2 a5 39. Rc3 Nd5 40. Rf3
Rd8 41. Be1 Ra8 42. Kf2 a4 43. b4 Rd8 44. Bd2 Nc7 45. Re4 Nb5 46. Rxf5+ exf5 47.
Rf4 Rxd4 48. Ke3 Rd5 49. g4 Ke6 50. gxf5+ Rxf5 51. Rg4 Kf7 52. Rg2 g6 53. Kd3
Rd5+ 54. Kc4 Nd6+ 0-1

[Event "grenke Chess Open 2025"]
[Site "Karlsruhe GER"]
[Date "2025.04.17"]
[Round "1.44"]
[White "Sorensen, Hampus"]
[Black "Kraemer, Stefan"]
[Result "1-0"]
[WhiteTitle "IM"]
[WhiteElo "2436"]
[BlackElo "2095"]
[WhiteFideId "8703884"]
[BlackFideId "4698703"]
[EventDate "2025.04.17"]

1. d4 Nf6 2. c4 g6 3. Nc3 Bg7 4. e4 d6 5. h3 O-O 6. Be3 Nc6 7. d5 Ne5 8. f4 Ned7
9. g4 e6 10. dxe6 fxe6 11. Bg2 Nb6 12. Qd3 Nfd7 13. b3 Qh4+ 14. Bf2 Qf6 15. Nge2
g5 16. Bd4 Qh6 17. Bxg7 Qxg7 18. O-O gxf4 19. Nxf4 Ne5 20. Qg3 Bd7 21. c5 dxc5
22. Nh5 Qh8 23. g5 1-0

[Event "grenke Chess Open 2025"]
[Site "Karlsruhe GER"]
[Date "2025.04.17"]
[Round "1.45"]
[White "Papadakis, Michalis"]
[Black "Pajeken, Jakob Leon"]
[Result "0-1"]
[BlackTitle "IM"]
[WhiteElo "2095"]
[BlackElo "2435"]
[WhiteFideId "4207386"]
[BlackFideId "12942839"]
[EventDate "2025.04.17"]

1. d4 Nf6 2. Bg5 e6 3. e4 h6 4. Bxf6 Qxf6 5. c3 d5 6. Nd2 c5 7. Ngf3 cxd4 8.
Nxd4 Nc6 9. exd5 exd5 10. N2f3 Bc5 11. Bb5 O-O 12. O-O Bg4 13. Qd3 Rad8 14. Rae1
Bb6 15. Ba4 Bh5 16. Re3 Bxf3 17. Rxf3 Ne5 18. Rxf6 Nxd3 19. Rf3 Nxb2 20. Bb3
Rfe8 21. Nf5 Re5 22. g4 Re4 23. h3 Re2 24. Ng3 Rd2 25. Re1 Nd3 26. Re2 Rxe2 27.
Nxe2 Nc5 28. Bc2 g6 29. Kg2 Kg7 30. Nf4 Bc7 31. Ne2 Ne4 32. Rd3 Bb6 33. Nf4 g5
34. Nh5+ Kf8 35. Bb3 Nxf2 36. Rxd5 Rxd5 37. Bxd5 Nd1 38. c4 Nc3 39. Nf6 Bd4 40.
Ne4 Nxd5 41. cxd5 b5 42. Kf3 Be5 43. Nc5 Ke7 44. Ke4 Bg7 45. Nb7 Kd7 46. Na5 Kd6
47. Nc6 a6 48. Nd8 Ke7 49. Nc6+ Kd6 50. Nd8 b4 51. Nb7+ Kc7 52. Na5 Kb6 53. Nc6
a5 54. Kd3 Kb5 55. Ne7 a4 56. d6 Bf6 57. Ng8 b3 58. axb3 a3 59. Nxf6 a2 60. d7
a1=Q 61. Nd5 Qa5 62. Nc3+ Kc6 63. b4 Qd8 0-1

[Event "grenke Chess Open 2025"]
[Site "Karlsruhe GER"]
[Date "2025.04.17"]
[Round "1.46"]
[White "Schmidek, Emil"]
[Black "Beyer, Lorenz"]
[Result "1/2-1/2"]
[WhiteTitle "IM"]
[WhiteElo "2435"]
[BlackElo "2094"]
[WhiteFideId "12908150"]
[BlackFideId "16245393"]
[EventDate "2025.04.17"]

1. d4 d5 2. c4 e6 3. Nc3 Nf6 4. cxd5 exd5 5. Bg5 Be7 6. e3 c6 7. Bd3 O-O 8. Qc2
h6 9. Bf4 a5 10. Nf3 Na6 11. a3 Nc7 12. h3 Nce8 13. O-O Nd6 14. Ne5 Be6 15. Na4
Nc4 16. Nc5 Bxc5 17. dxc5 Nh5 18. Nxc4 Nxf4 19. exf4 dxc4 20. Bxc4 Bxc4 21. Qxc4
Qf6 22. b3 Rad8 23. Rad1 Qb2 24. Rfe1 Qxa3 25. Rxd8 Rxd8 26. Re7 Qa1+ 27. Kh2
Qf6 28. Qe4 Qc3 29. Re8+ Rxe8 30. Qxe8+ Kh7 31. Qxf7 Qxc5 32. Qxb7 Qxf2 33. Qf7
Qd4 34. Qf5+ Kh8 35. Qf8+ Kh7 36. Qf5+ Kh8 37. Qf8+ 1/2-1/2

[Event "grenke Chess Open 2025"]
[Site "Karlsruhe GER"]
[Date "2025.04.17"]
[Round "1.47"]
[White "Laengl, Juergen"]
[Black "Shagbazyan, Taron"]
[Result "1/2-1/2"]
[BlackTitle "FM"]
[WhiteElo "2094"]
[BlackElo "2434"]
[WhiteFideId "4650620"]
[BlackFideId "14122073"]
[EventDate "2025.04.17"]

1. d4 d5 2. Bf4 Nf6 3. e3 c5 4. dxc5 Qa5+ 5. Nc3 Qxc5 6. Nf3 a6 7. a3 Nbd7 8.
Be2 g6 9. Qd4 b6 10. Ne5 Bb7 11. Bf3 Qxd4 12. exd4 e6 13. O-O Bg7 14. Nc4 O-O
15. a4 Ra7 16. Ne5 Rc8 17. Ra3 Ba8 18. Rb3 Nxe5 19. Bxe5 Nd7 20. Bxg7 Kxg7 21.
Rd1 Rac7 22. Be2 Bb7 23. f4 h6 24. h4 g5 25. hxg5 hxg5 26. fxg5 Rh8 27. Rf1 Rh4
28. g4 e5 29. Bf3 exd4 30. Nxd5 Bxd5 31. Bxd5 Rxg4+ 32. Kh1 Nc5 33. Rxb6 Rxg5
34. Rg1 Rxg1+ 35. Kxg1 Rd7 36. Bc6 Re7 37. Kf1 d3 38. cxd3 Nxd3 39. a5 Re1+ 40.
Kg2 Re2+ 41. Kg3 Rxb2 42. Rxb2 Nxb2 43. Bb7 Nc4 44. Bxa6 Nxa5 45. Kf4 Nc6 46.
Bc4 Ne7 47. Bxf7 Kxf7 1/2-1/2